| 000 | 00403nam a2200133Ia 4500 | ||
|---|---|---|---|
| 003 | GCL | ||
| 008 | 140319s9999 xx 000 0 ara d | ||
| 040 |
_aGCL / _cGCL |
||
| 082 | 0 | 4 |
_a811.3 _bح ش |
| 100 | 1 | _aحسين عطوان | |
| 245 | 1 | 0 |
_aالشعراء الصعاليك فى العصر الاموى / _cحسين عطوان |
| 300 | _a207 ص | ||
| 490 |
_aمكتبة الدراسات الادبية _v0 |
||
| 999 |
_c47529 _d47529 |
||